|
|
|
|
| LEADER |
00787nam a2200229Ia 4500 |
| 001 |
CTU_93447 |
| 008 |
210402s9999 xx 000 0 und d |
| 020 |
|
|
|c 624000
|
| 082 |
|
|
|a 005.8
|
| 082 |
|
|
|b C861
|
| 110 |
|
|
|a Course ILT
|
| 245 |
|
0 |
|a MCSE 70-291 :
|
| 245 |
|
0 |
|b Implementing, managing and maintaining a windows server 2003 network: Student manual
|
| 245 |
|
0 |
|c Course ILT
|
| 260 |
|
|
|a Australia
|
| 260 |
|
|
|b Thomson
|
| 260 |
|
|
|c 2004
|
| 650 |
|
|
|a Microsoft windows server,Electronic data processing personnel,Computer networks,Computer networks
|
| 650 |
|
|
|x Certification,Examinations,Study guides,Security measures
|
| 904 |
|
|
|i Giang
|
| 910 |
|
|
|a Sách kèm theo đĩa số: AV.001999, AV.001998
|
| 980 |
|
|
|a Trung tâm Học liệu Trường Đại học Cần Thơ
|